000 00264 a2200109 4500
000 nam a22 7a 4500
005 20260312143357.0
100 _aYates, Roy D
_91131866
245 _aProbability and stochastic processes
260 _bWiley
_c2025
942 _cAUD
999 _c1715249
_d1715249